000 00555nam a2200133Ia 4500
008 220217s9999 xx 000 0 und d
245 0 _aRubber-or plastics-coated fabrics- Determination of roll characteristics- Part 1: Methods for determination of length, width and net mass
260 _aGeneva, Switzerland
260 _c1998
_bInternational Organization for Standardization
490 _aINTERNATIONAL sTANDARD
500 _aStandard number: ISO 2286-1(For BIS use only-not original copy)
650 _aRubber-or plastics-coated fabrics
942 _cST
999 _c74082
_d74082